Statystyki dla Tekst Hymnu - „Mazurek Dąbrowskiego”

Kliknij tutaj aby rozwiązać quiz!

Ogólne statystyki

  • Ten quiz został rozwiązany 7 661 razy
  • Średni wynik to 57 z 66

Statystyki odpowiedzi

Odpowiedź% Poprawnych
{Po}
100%
{z}
99%
{Z}
99%
{w}
98%
{do}
97%
{Marsz},
97%
{marsz},
97%
{Dąbrowski},
96%
{Polski}.
96%
{włoskiej}
96%
{ziemi}
96%
{nam}
95%
{nie}
95%
{Za}
95%
{Jeszcze}
94%
{Polska}
94%
{się}
94%
{my}
93%
{narodem}.
93%
{przewodem}
93%
{twoim}
93%
{zginęła},
93%
{żyjemy}.
93%
{Co}
92%
{obca}
91%
{odbierzemy}.
91%
{przemoc}
91%
{wzięła},
91%
{Jak}
90%
{Szablą}
90%
{Kiedy}
89%
{Złączym}
87%
{Bonaparte},
86%
{mamy}.
85%
{Poznania}
85%
{zwyciężać}
85%
{Wartę},
84%
{Wisłę},
84%
{Dał}
83%
{Polakami}.
83%
{przejdziem}
83%
{Przejdziem}
83%
{przykład}
83%
{zaborze},
83%
{Basi}
82%
{Będziem}
82%
{swej}
82%
{Biją}
81%
{Mówi}
81%
{morze}.
80%
{nasi}
80%
{ojciec}
80%
{przez}
80%
{tarabany}.
80%
{zapłakany} -
80%
{Czarniecki}
79%
{szwedzkim}
79%
{Dla}
78%
{ojczyzny}
78%
{ratowania}
78%
{jeno},
77%
{Słuchaj}
76%
{pono}
75%
{Już}
74%
{tam}
74%
{Wrócim}
60%

Rozkład punktacji

Percentyl według liczby udzielonych odpowiedzi

Procent ludzi z każdym wynikiem

Twoja historia wyników

Nie rozwiązałeś tego quizu